Statystyki dla Państwa nazwane na cześć ludzi n°2

Kliknij tutaj aby rozwiązać quiz!

Ogólne statystyki

  • Ten quiz został rozwiązany 342 razy
  • Średni wynik to 6 z 12

Statystyki odpowiedzi

OsobaKraj% Poprawnych
Krzysztof KolumbKolumbia
92%
Król DanDania
86%
Książęca rodzina LiechtensteinuLiechtenstein
83%
Cesarz QinChiny
79%
Tomasz i książę PortugaliiWyspy Świętego
Tomasza i Książeca
67%
Salomon, Królestwa Izraela i JudyWyspy Salomona
60%
RomulusRumunia
50%
Wincenty z SaragossySaint Vincent i
Grenadyny
38%
Bogini płodności, EireIrlandia
31%
Mussa Bin BiqueMozambik
20%
Święty KrzysztofSaint Kitts i Nevis
17%
Thot księżycowego boga KhemenouDżibuti
1%

Rozkład punktacji

Percentyl według liczby udzielonych odpowiedzi

Procent ludzi z każdym wynikiem

Twoja historia wyników

Nie rozwiązałeś tego quizu